[Event "Marrakesh op 1st"]
[Site "Marrakesh"]
[Date "2010.06.27"]
[Round "3"]
[White "Loysel, Yves"]
[Black "Godard, Maxence"]
[Result "0-1"]
[WhiteElo "1781"]
[BlackElo "2344"]
[PlyCount "72"]
[EventDate "2010.06.26"]
[EventType "swiss"]
[EventRounds "9"]
[EventCountry "MAR"]
[SourceTitle "CBM 137 Extra"]
[Source "ChessBase"]
[SourceDate "2010.09.01"]
[SourceVersion "1"]
[SourceVersionDate "2010.09.01"]
[SourceQuality "1"]

1. e4 c5 2. Nc3 Nc6 3. f4 e6 4. Nf3 d5 5. Bb5 Nge7 6. 0-0 a6 7. Bxc6+ Nxc6 8. d3 Be7 9. Qe1 0-0 10. Bd2 b5 11. Rc1 c4 12. a3 a5 13. Qg3 b4 14. Nb1 Ba6 15. Rfd1 Qb6+ 16. Kh1 dxe4 17. dxe4 c3 18. Nxc3 bxc3 19. Bxc3 f6 20. h4 Rad8 21. Re1 Bc5 22. Qg4 Bc8 23. h5 h6 24. Rf1 Nd4 25. Nxd4 Bxd4 26. Rf3 Bxc3 27. bxc3 Bb7 28. Rg3 Rf7 29. Re1 Qf2 30. Rge3 Rd2 31. R3e2 Rxe2 32. Rxe2 Qf1+ 33. Kh2 Qd1 34. f5 Ba6 35. fxe6 Re7 36. Qf4 Bxe2 0-1

[Event "FRA-chT Top 16 GpA"]
[Site "France"]
[Date "2010.04.30"]
[Round "5"]
[White "Godard, Maxence"]
[Black "Le Goff, Damien"]
[Result "0-1"]
[WhiteElo "2340"]
[BlackElo "2281"]
[PlyCount "164"]
[EventDate "2010.03.26"]
[EventType "team-tourn"]
[EventRounds "7"]
[EventCountry "FRA"]
[SourceTitle "CBM 135 Extra"]
[Source "ChessBase"]
[SourceDate "2010.05.04"]
[SourceVersion "1"]
[SourceVersionDate "2010.05.04"]
[SourceQuality "1"]

1. d4 g6 2. e4 Bg7 3. c4 c5 4. d5 d6 5. Nc3 Nf6 6. Bd3 e6 7. Nge2 0-0 8. 0-0 Na6 9. f3 Nc7 10. a4 Nd7 11. f4 exd5 12. cxd5 Nf6 13. h3 Rb8 14. Be3 a6 15. Rb1 b5 16. axb5 axb5 17. b4 c4 18. Bc2 Ra8 19. Bd4 Bb7 20. Ra1 Qd7 21. Rxa8 Rxa8 22. Qb1 Nh5 23. Bxg7 Nxg7 24. f5 Nge8 25. Nd4 Qe7 26. Kh1 Nf6 27. Qe1 Qe5 28. Nf3 Qe7 29. Qd2 Nh5 30. Kh2 Ra3 31. Bb1 Qf6 32. Ne2 Na6 33. g4 Ng7 34. Qh6 Qb2 35. Nfg1 Nxb4 36. fxg6 hxg6 37. Kg2 Nd3 38. Qg5 Qe5 39. Qd8+ Qe8 40. Qxd6 Qxe4+ 41. Rf3 Ra8 42. Nc3 Qd4 43. Nge2 Qc5 44. Qg3 Re8 45. Bxd3 cxd3 46. Rxd3 b4 47. Qf2 Qxf2+ 48. Kxf2 bxc3 49. Nxc3 Re7 50. Kg3 Ne8 51. Kf4 Nd6 52. Rd1 Kg7 53. h4 f6 54. Rb1 Rc7 55. Rb3 Rc5 56. g5 Bxd5 57. Nxd5 Rxd5 58. gxf6+ Kxf6 59. Rb4 Nf5 60. Ke4 Rd6 61. Kf3 Rd4 62. Rb6+ Kg7 63. h5 gxh5 64. Ra6 Rd6 65. Ra8 Kg6 66. Kf4 Rf6 67. Rb8 Nd6+ 68. Kg3 Kg5 69. Ra8 Re6 70. Rg8+ Rg6 71. Ra8 Nf5+ 72. Kh3 Rd6 73. Ra3 Rd4 74. Rb3 Rh4+ 75. Kg2 Re4 76. Ra3 Kg4 77. Ra2 h4 78. Ra8 Re2+ 79. Kg1 Ne3 80. Rg8+ Kf3 81. Rg7 Re1+ 82. Kh2 Ng4+ 0-1

[Event "Wroclaw Polonia op 4th"]
[Site "Wroclaw"]
[Date "2009.06.25"]
[Round "8"]
[White "Piorun, Kacper"]
[Black "Godard, Maxence"]
[Result "1-0"]
[WhiteElo "2476"]
[BlackElo "2336"]
[PlyCount "117"]
[EventDate "2009.06.20"]
[EventType "swiss"]
[EventRounds "9"]
[EventCountry "POL"]
[SourceTitle "CBM 130 Extra"]
[Source "ChessBase"]
[SourceDate "2009.07.02"]
[SourceVersion "2"]
[SourceVersionDate "2009.07.15"]
[SourceQuality "1"]

1. e4 c5 2. Nf3 e6 3. d4 cxd4 4. Nxd4 a6 5. Bd3 Bc5 6. Nb3 Ba7 7. Nc3 Nc6 8. 0-0 Nge7 9. Qe2 0-0 10. Be3 d6 11. Rfd1 Qc7 12. Bxa7 Nxa7 13. Qe3 b6 14. Na4 Rb8 15. c4 Rd8 16. Rac1 Rd7 17. Be2 Nac6 18. Nc3 Qd8 19. f4 Bb7 20. Rd2 Ba8 21. Rcd1 Rbb7 22. Na1 Nc8 23. Nc2 Qe7 24. b4 Rbc7 25. Na4 g5 26. g3 Nd8 27. e5 gxf4 28. exd6 Rxd6 29. Qxf4 Rxd2 30. Qxd2 Nc6 31. Nc3 Ne5 32. Qf4 Ng6 33. Qd4 Nf8 34. Qd8 Bb7 35. Qd4 Rd7 36. Qg4+ Ng6 37. Rxd7 Qxd7 38. Ne4 Qd8 39. Qf3 Kg7 40. Qe3 Nce7 41. h4 Nf5 42. Qc3+ e5 43. Nf2 Nd4 44. Nxd4 exd4 45. Qd2 Qd6 46. Kf1 Kg8 47. h5 Ne5 48. Qg5+ Kf8 49. h6 d3 50. Bh5 Bf3 51. Qg7+ Ke7 52. Bxf3 Nxf3 53. Qxh7 Qxg3 54. Qxd3 Qg1+ 55. Ke2 Ng5 56. Qe3+ Kf8 57. Qxb6 Ke7 58. Qe3+ Kd7 59. h7 1-0

[Event "Prague op-A 08th"]
[Site "Prague"]
[Date "2009.01.14"]
[Round "7"]
[White "Vokac, Marek"]
[Black "Godard, Maxence"]
[Result "1/2-1/2"]
[WhiteElo "2454"]
[BlackElo "2336"]
[PlyCount "69"]
[EventDate "2009.01.09"]
[EventType "swiss"]
[EventRounds "9"]
[EventCountry "CZE"]
[SourceTitle "CBM 128 Extra"]
[Source "ChessBase"]
[SourceDate "2009.03.05"]
[SourceVersion "2"]
[SourceVersionDate "2009.03.25"]
[SourceQuality "1"]

1. g3 c5 2. Bg2 Nc6 3. e4 g6 4. Ne2 Bg7 5. 0-0 e6 6. Nbc3 Nge7 7. d3 Rb8 8. Be3 Nd4 9. Qd2 0-0 10. Nc1 d6 11. Nd1 e5 12. c3 Ne6 13. f4 f5 14. Ne2 d5 15. fxe5 dxe4 16. dxe4 Qxd2 17. Bxd2 Bxe5 18. Nf2 Rd8 19. Rad1 b6 20. exf5 Nxf5 21. Rfe1 Kf7 22. Ng4 Bc7 23. Nh6+ Nxh6 24. Bxh6 Bb7 25. Rxd8 Bxd8 26. Bh3 Bf6 27. Nf4 Ng5 28. Bxg5 Bxg5 29. Be6+ Kf8 30. Nd5 Kg7 31. h4 Bxd5 32. Bxd5 Bf6 33. c4 Rd8 34. b3 Rd7 35. Kg2 1/2-1/2